00952cam a22002777a 4500001000500000005001700005020001800022040001800040050001200058082001100070100001700081245009600098250003300194260003400227300005800261490002500319500011000344505000800454520010600462521002000568521002000588650001100608650001200619650001200631700003100643162220260311092609.0 a9780439684026 aDLCcDLCbeng00aQP111.6 a612.171 aCapeci, Anne14aThe magic school bus :bHas a heart /cwritten by Anne Capeci ; illustrated by Degen, Bruce aFirst printing, January 2005 aNew York :bScholastic,c2005 a29 unnumbered pages :bColor illustrations ; c24 cm 0 aThe Magic School Bus a"Based on The Magic School Bus books written by Joanna Cole and illustrated by Bruce Degen."--T.p. verso. aJ  aA story about Ms. Frizzle's class teaches young readers about the human heart and circulatory system. a490 bLexile  aJ bRaz-Plus  aHealth aAnatomy aBiology1 aDegen, Bruceeillustrator